| 000 | 00513cam a2200205 4500 | ||
|---|---|---|---|
| 008 | 090401t1999 xxu||||| |||| 00| 0 eng d | ||
| 020 | _a1860128955 | ||
| 035 | _a(Sirsi) u99837 | ||
| 041 | _aeng | ||
| 100 | _aHutton, Matthew | ||
| 245 | _aTolley`s tax planning for private residences. | ||
| 250 | _a3rd ed. | ||
| 260 |
_aCroydon _bTolley _c1999 |
||
| 300 | _axxvi, 262p. ; 23cm. | ||
| 350 | _a59.95 | ||
| 650 |
_aRESIDENTIAL PROPERTY _96266 |
||
| 690 | _aTAXATION | ||
| 942 | _n0 | ||
| 948 | _c21/04/1999 | ||
| 999 |
_c99487 _d99487 |
||